Regionální dějiny metodologie - problémy - praxe : vysokoškolská učebnice

Bibliographic Details
Main Author: Papajík, David, 1971- (Author)
Format: Book
Language:Czech
PhysicalDescription:69 strán faksimile, fotografie, tabuľky 25 cm
Published: Ružomberok Verbum 2022
ISBN:9788056109861
Edition:1. vydanie
Subjects:

MARC

LEADER 00000cam a2200000 4500
001 vtls012155518
003 SK-MaSNL
005 20260302025506.0
008 221202s2022 xo hao f np 000 0 cze
015 |a SNBA2023/01 
020 |a 9788056109861  |q (brožované) 
040 |a SNK  |b slo  |c SNK  |e rda 
041 0 |a cze 
044 |a xo  |c SK 
072 7 |a 93/94  |x Dejiny (všeobecne)  |2 konspekt 
072 7 |a 37.016  |x Učebné osnovy. Vyučovacie predmety. Učebnice  |2 konspekt 
080 |a 93/94-027.541  |2 2011 
080 |a 930.2  |2 2011 
080 |a 377.35  |2 2011 
080 |a 332  |2 2011 
080 |a (075.8)  |2 2011 
100 1 |a Papajík, David,  |d 1971-  |4 aut  |9 263405 
245 1 0 |a Regionální dějiny  |b metodologie - problémy - praxe : vysokoškolská učebnice  |c David Papajík 
250 |a 1. vydanie 
264 1 |a Ružomberok  |b Verbum  |c 2022 
300 |a 69 strán  |b faksimile, fotografie, tabuľky  |c 25 cm 
336 |a text  |b txt  |2 rdacontent 
337 |a bez média  |b n  |2 rdamedia 
338 |a zväzok  |b nc  |2 rdacarrier 
504 |a Obsahuje bibliografiu na strane 63-69 
650 0 7 |a regionálne dejiny  |2 SNKPH  |9 63645 
650 0 7 |a metodológia dejín  |2 SNKPH  |9 77790 
650 0 7 |a odborná prax  |2 SNKPH  |9 65538 
650 0 7 |a regióny  |2 SNKPH  |9 2350 
650 0 7 |a Regional history  |2 SNKPHeng  |9 266493 
650 0 7 |a methodology of history  |2 SNKPHeng  |9 334753 
650 0 7 |a Vocational practice  |2 SNKPHeng  |9 315511 
650 0 7 |a Regions  |2 SNKPHeng  |9 312929 
655 7 |a učebnice vysokých škôl  |2 SNKPH  |9 70191 
655 7 |a Textbooks (higher)  |2 SNKPHeng  |9 276436 
852 |a Štátna vedecká knižnica v Banskej Bystrici 
919 |a 978-80-561-0986-1 
954 |a odborná, vedecká literatúra cudzojazyčná (svetová)  |2 lita 
958 |a NB 
958 |a CZ 
999 |c 1044404  |d 1046334 
952 |a SNK  |b SNK  |y PREZ  |7 0  |p 17A1517226  |o snkSC 200335  |i snk2023/393  |8 0  |0 0  |1 0  |4 0  |d 2023-01-12  |l 0  |r 2025-10-23 00:00:00  |w 2026-02-24 
952 |a SNK  |b SNK  |y VYP  |7 0  |p 17A1517227  |o snkSC 200335 D1  |i snk2023/397  |8 0  |0 0  |1 0  |4 0  |d 2023-01-12  |l 0  |r 2026-02-24 14:35:20  |w 2026-02-24